[Event "9th SC 1400/1800"]
[Site "SchemingMind.com"]
[Date "2006.04.28"]
[Round "-"]
[White "Easy_E"]
[Black "Orhany24"]
[Result "1/2-1/2"]
[WhiteCountry "USA"]
[BlackCountry "TUR"]
[WhiteElo "1400"]
[WhiteRD "65"]
[BlackElo "1665"]
[BlackRD "88"]
[GameID "48354"]

1. e4 c5 2. d4 cxd4 3. Qxd4 Nc6 4. Qd1 a6 5. Nf3 d6 6. Bc4 b5 7. Bxf7+ Kxf7 8. Ng5+ Ke8 9. O-O Nf6 10. Bf4 e5
11. Be3 h6 12. Nf3 Be7 13. Nc3 Be6 14. a4 b4 15. Nd5 Kf7 16. Nb6 Rb8 17. a5 Nxe4 18. Nd2 Nxd2 19. Bxd2 Rxb6 20. axb6 Qxb6
21. Qf3+ Bf6 22. Ra4 a5 23. Rfa1 Rf8 24. c3 Bb3 25. Be3 Qb5 26. c4 Qxa4 27. Rxa4 Bxa4 28. Qd5+ Ke7 29. c5 Rd8 30. cxd6+ Kd7
31. Bb6 Rc8 32. g3 Nd8 33. Bc7 Bc6 34. Qxa5 Nb7 35. Qxb4 Rxc7 36. dxc7 Kxc7 37. b3 e4 38. Kf1 Nd6 39. Qa5+ Kb7 40. Qc5 Nb5
41. b4 Nc7 42. Kg1 Nb5 43. Kf1=
1/2-1/2

[Event "9th SC 1400/1800"]
[Site "SchemingMind.com"]
[Date "2006.04.28"]
[Round "-"]
[White "Orhany24"]
[Black "Easy_E"]
[Result "1-0"]
[WhiteCountry "TUR"]
[BlackCountry "USA"]
[WhiteElo "1665"]
[WhiteRD "88"]
[BlackElo "1400"]
[BlackRD "65"]
[GameID "48355"]

1. e4 e5 2. Nf3 d6 3. h3 Nf6 4. Nc3 g6 5. Bc4 Bg7 6. O-O O-O 7. d4 Nc6 8. a3 Re8 9. Re1 exd4 10. Nxd4 Ne5
11. Bb3 Nfd7 12. f4 Nc6 13. Nxc6 bxc6 14. Qf3 Bd4+ 15. Kh1 d5 16. e5 Qh4 17. Bd2 Nc5 18. Ba2 Ba6 19. b4 Bf2 20. bxc5 Red8
21. e6 Bxe1 22. Bxe1 Qf6 23. exf7+ Qxf7 24. Bf2 Qf5 25. Bb3 Rab8 26. g4 Qe6 27. Re1 Qf6 28. Ne4 Qb2 29. f5 Rf8 30. Ng5 Rbe8
31. Ne6 Rf7 32. Bd4 Qxa3 33. Qf4 Bc4 34. Qe5 Ree7 35. Qh8#
1-0

[Event "9th SC 1400/1800"]
[Site "SchemingMind.com"]
[Date "2006.04.29"]
[Round "-"]
[White "sokolov"]
[Black "Orhany24"]
[Result "1/2-1/2"]
[WhiteCountry "USA"]
[BlackCountry "TUR"]
[WhiteElo "1725"]
[WhiteRD "75"]
[BlackElo "1747"]
[BlackRD "72"]
[GameID "48522"]

1. d4 d5 2. Nf3 e6 3. e3 c5 4. c3 a6 5. Bd3 c4 6. Bc2 b5 7. Nbd2 Bb7 8. Ne5 Nd7 9. Ndf3 h6 10. O-O Ngf6
11. Bd2 Bd6 12. Qe2 O-O 13. Rae1 a5 14. Nxd7 Qxd7 15. Ne5 Bxe5 16. dxe5 Ne4 17. Rd1 f5 18. Bxe4 dxe4 19. Bc1 Qe7 20. Rd6 Rad8
21. Rfd1 Rxd6 22. exd6 Qd7 23. b3 Bd5 24. bxc4 Bxc4 25. Qc2 Bd3 26. Qb3 Rd8 27. Ba3 Kh7 28. Bc5 Rc8 29. Qa3 a4 30. h3 g5
31. g3 Kg6 32. Qb4 e5 33. Rd2 Qc6 34. d7 Qxd7 35. Bd6 Kf6 36. f4 exf4 37. gxf4 Rc4 38. Be5+ Kg6 39. Qf8 Rc8 40. Qf6+ Kh5
41. fxg5 hxg5 42. Rg2 Rg8 43. h4 g4 44. Bf4 Qh7 45. Bg5 Qg6 46. Qe5 Re8 47. Qc5 Qf7 48. Rf2 Rf8 49. Qd6 Qg7 50. Qe6 g3
51. Rxf5 Rxf5 52. Qxf5 Qg6 53. Qf4 Qe6 54. Bf6 Qg4 55. Qe5+ Kg6 56. Qg5+= Qxg5 57. hxg5 Kf5 58. Kg2 Kg4 59. g6 Bc4 60. a3 Kf5
61. Bd4 Kxg6 62. Kxg3=
1/2-1/2

[Event "9th SC 1400/1800"]
[Site "SchemingMind.com"]
[Date "2006.04.29"]
[Round "-"]
[White "sokolov"]
[Black "Easy_E"]
[Result "1-0"]
[WhiteCountry "USA"]
[BlackCountry "USA"]
[WhiteElo "1719"]
[WhiteRD "72"]
[BlackElo "1400"]
[BlackRD "65"]
[GameID "48523"]

1. d4 Nc6 2. e4 g6 3. Nf3 Bg7 4. Bc4 Nf6 5. Nc3 O-O 6. e5 Ng4 7. Ng5 e6 8. Qxg4 h5 9. Qg3 Nxd4 10. Bd3 Bh6
11. Nce4 Bg7 12. Be3 Nf5 13. Qf3 Bxe5 14. c3 d5 15. Nd2 Nh4 16. Qh3 Nf5 17. Ndf3 f6 18. Nxe5 fxe5 19. Bxf5 exf5 20. f4 d4
21. O-O-O Qd5 22. fxe5 Qxa2 23. Bxd4 f4 24. e6 Rf5 25. Nf7 Bxe6 26. Nh6+ Kh7 27. Nxf5 Bxf5 28. Qf3 Qb1+ 29. Kd2 Qxb2+ 30. Ke1 Bc2
31. Qe2 Kh6 32. Rf1 g5 33. Rf2 b6 34. Qe6+ Kh7 35. Qf7+
1-0

[Event "9th SC 1400/1800"]
[Site "SchemingMind.com"]
[Date "2006.04.29"]
[Round "-"]
[White "Orhany24"]
[Black "sokolov"]
[Result "1-0"]
[WhiteCountry "TUR"]
[BlackCountry "USA"]
[WhiteElo "1665"]
[WhiteRD "88"]
[BlackElo "1719"]
[BlackRD "72"]
[GameID "48524"]

1. e4 Nf6 2. e5 Nd5 3. c4 Nb6 4. d4 Nc6 5. Nf3 d6 6. exd6 cxd6 7. h3 g6 8. a3 Bg7 9. Nc3 O-O 10. Be3 Re8
11. Be2 e5 12. d5 e4 13. Nd2 Ne5 14. O-O Qc7 15. Nb5 Qd7 16. Rb1 Qe7 17. b4 Bd7 18. Nc3 Rac8 19. c5 Nf3+ 20. gxf3 Bxc3
21. cxb6 exf3 22. Bxf3 Bxh3 23. Bg2 Bxg2 24. Kxg2 Bxd2 25. Qxd2 Qe4+ 26. Kg1 Qg4+ 27. Kh2 Qh4+ 28. Kg2 Re4 29. f3 Rce8 30. Rh1
1-0

[Event "9th SC 1400/1800"]
[Site "SchemingMind.com"]
[Date "2006.04.29"]
[Round "-"]
[White "Easy_E"]
[Black "sokolov"]
[Result "0-1"]
[WhiteCountry "USA"]
[BlackCountry "USA"]
[WhiteElo "1400"]
[WhiteRD "65"]
[BlackElo "1719"]
[BlackRD "72"]
[GameID "48525"]

1. e4 Nf6 2. Nc3 d5 3. e5 Ne4 4. Nf3 Nc6 5. Bb5 e6 6. d3 Nxc3 7. bxc3 Bd7 8. Bg5 Be7 9. h4 h6 10. Bf4 a6
11. Ba4 b5 12. Bb3 Na5 13. O-O Bxh4 14. Nxh4 Qxh4 15. Bg3 Qe7 16. Qg4 O-O 17. Bh4 Qe8 18. c4 c5 19. cxd5 exd5 20. Qh5 c4
21. e6 Bxe6 22. a4 cxb3 23. cxb3 Nxb3 24. Ra3 bxa4 25. Qe5 Qb5 26. Qg3 Bf5 27. Bf6 Bg6 28. Be7 Rfe8 29. Bd6 Bxd3 30. Rd1 Bc4
31. Bf4 Re6 32. Be5 f6 33. Bf4 Kf7 34. Be3 Rd8 35. Qc7+ Rd7 36. Qf4 d4 37. Bxd4 Nxd4 38. Rxd4 Rxd4 39. Qxd4 Re1+ 40. Kh2 Bb3
41. g4 Qe2 42. Kg2 Qe4+ 43. Qxe4 Rxe4 44. f3 Re1 45. Kf2 Rb1 46. Ke2 Rb2+ 47. Kd3 Ra2 48. Rxa2 Bxa2 49. Kc3 Bb3 50. Kb2 Kg6
51. f4 f5 52. gxf5+ Kxf5 53. Ka3 Kxf4 54. Kb2 g5 55. Ka1 g4
0-1

[Event "9th SC 1400/1800"]
[Site "SchemingMind.com"]
[Date "2006.04.29"]
[Round "-"]
[White "willygor"]
[Black "Orhany24"]
[Result "1-0"]
[WhiteCountry "ARG"]
[BlackCountry "TUR"]
[WhiteElo "1739"]
[WhiteRD "66"]
[BlackElo "1624"]
[BlackRD "91"]
[GameID "48575"]

1. e4 c5 2. f4 d6 3. Bb5+ Nc6 4. Bxc6+ bxc6 5. Nf3 Nf6 6. Nc3 e6 7. O-O Be7 8. d3 O-O 9. Bd2 Bb7 10. Qe2 Qb6
11. b3 Ng4 12. h3 c4+ 13. d4 Nf6 14. bxc4 e5 15. Rab1 Qc7 16. fxe5 dxe5 17. Nxe5 Rad8 18. Bf4 Bd6 19. c5 Be7 20. Ng6 Qd7
21. Nxe7+ Qxe7 22. Bd6
1-0

[Event "9th SC 1400/1800"]
[Site "SchemingMind.com"]
[Date "2006.04.29"]
[Round "-"]
[White "willygor"]
[Black "sokolov"]
[Result "0-1"]
[WhiteCountry "ARG"]
[BlackCountry "USA"]
[WhiteElo "1683"]
[WhiteRD "66"]
[BlackElo "1725"]
[BlackRD "75"]
[GameID "48576"]

1. e4 Nf6 2. e5 Nd5 3. d4 d6 4. c4 Nb6 5. exd6 cxd6 6. Nf3 Bg4 7. Be3 Nc6 8. b3 g6 9. Be2 Bg7 10. h3 Bf5
11. Nc3 O-O 12. Rc1 d5 13. c5 Nc8 14. g4 Be4 15. Nxe4 dxe4 16. Ng5 Nxd4 17. Nxe4 e5 18. Bc4 Qa5+ 19. Bd2 Qxa2 20. O-O b5
21. Bd5 Rb8 22. Ra1 Qc2 23. Bc3 Qxd1 24. Raxd1 Ne7 25. Bxd4 exd4 26. Rxd4 Bxd4 27. Rd1 Bxc5 28. Nxc5 Rbd8 29. Bf3 Rxd1+ 30. Bxd1 a5
31. Be2 Rc8 32. Nb7 a4 33. bxa4 bxa4 34. Nd6 a3 35. Nxc8 Nxc8 36. Bc4 Nd6 37. Ba2 Nb5 38. Kg2 Nc3 39. Bb3 a2 40. Bxa2 Nxa2
41. Kf3 Nb4 42. Ke4 f6 43. h4 Nc6 44. Kd5 Ne5 45. g5 Kf7 46. Ke4 Ke6 47. gxf6 Kxf6 48. Kf4 Nf7 49. f3 Kg7 50. Kg3 h6
51. Kf4 Kf6 52. Ke4 h5 53. Kf4 Nd6 54. Kg3 Kf5
0-1

[Event "9th SC 1400/1800"]
[Site "SchemingMind.com"]
[Date "2006.04.29"]
[Round "-"]
[White "willygor"]
[Black "Easy_E"]
[Result "1-0"]
[WhiteCountry "ARG"]
[BlackCountry "USA"]
[WhiteElo "1739"]
[WhiteRD "66"]
[BlackElo "1469"]
[BlackRD "71"]
[GameID "48577"]

1. e4 e5 2. Nf3 Nc6 3. Bc4 Bb4 4. a3 Ba5 5. b4 Bb6 6. d3 Nf6 7. Bg5 O-O 8. Nc3 d6 9. Nd5 Qd7 10. Bxf6 Qg4
11. Bh4 Qxg2 12. Rg1 Qh3 13. Rg3 Qd7 14. Nf6+ Kh8 15. Nxd7 Bxd7 16. Ng5 f6 17. Nf7+ Kg8 18. Nxe5+ Kh8 19. Nxd7 Rf7 20. Bxf7 Ne5
21. Nxb6 axb6 22. Bb3 Ng6 23. Rxg6 hxg6 24. Qg4 g5 25. Qh5#
1-0

[Event "9th SC 1400/1800"]
[Site "SchemingMind.com"]
[Date "2006.04.29"]
[Round "-"]
[White "Orhany24"]
[Black "willygor"]
[Result "0-1"]
[WhiteCountry "TUR"]
[BlackCountry "ARG"]
[WhiteElo "1624"]
[WhiteRD "91"]
[BlackElo "1739"]
[BlackRD "66"]
[GameID "48578"]

1. e4 c5 2. Nf3 Nc6 3. d4 cxd4 4. Nxd4 d6 5. Nxc6 bxc6 6. c4 e6 7. Nc3 Qc7 8. Bd3 Ne7 9. O-O Ng6 10. Be3 Be7
11. h3 e5 12. f4 exf4 13. Bxf4 Nxf4 14. Rxf4 Qb6+ 15. Kh1 Qxb2 16. Na4 Qe5 17. Rf1 O-O 18. Rb1 Be6 19. Qf3 Rab8 20. Qe3 d5
21. cxd5 Rxb1 22. Rxb1 cxd5 23. Qxa7 Bd6 24. Qg1 dxe4 25. Be2 Bxa2 26. Rb5 Qf4 27. Nc3 Be6 28. Nd1 Rc8 29. Rb1 g6 30. Nf2 Bc5
0-1

[Event "9th SC 1400/1800"]
[Site "SchemingMind.com"]
[Date "2006.04.29"]
[Round "-"]
[White "sokolov"]
[Black "willygor"]
[Result "1-0"]
[WhiteCountry "USA"]
[BlackCountry "ARG"]
[WhiteElo "1719"]
[WhiteRD "72"]
[BlackElo "1695"]
[BlackRD "69"]
[GameID "48579"]

1. d4 Nf6 2. Nf3 e6 3. Bg5 Be7 4. Nbd2 d6 5. e4 Nbd7 6. Bd3 e5 7. c3 b6 8. O-O O-O 9. Qe2 h6 10. Bh4 Nh7
11. Bxe7 Qxe7 12. Nc4 exd4 13. e5 d5 14. Nxd4 dxc4 15. Bxh7+ Kxh7 16. Qe4+ Kg8 17. Qxa8 Qxe5 18. Rfe1 Qg5 19. Qc6 Nf6 20. Qxc7 Ng4
21. Nf3 Qg6 22. Rad1 Qc2 23. Rd2 Qf5 24. Qxa7 b5 25. Qc7 Be6 26. Red1 Qf6 27. Nd4 Qe5 28. Qxe5 Nxe5 29. Nxb5 Nd3 30. Nd4 Bd5
31. b3 Rc8 32. b4 Nxb4 33. cxb4 c3 34. Rd3 Bxa2 35. Rc1 c2 36. Nxc2 Be6 37. f3 Bf5 38. Rd2 Kh7 39. h3 h5 40. g4 hxg4
41. hxg4 Be6 42. Rdd1 Bb3 43. Nd4 Rxc1 44. Rxc1
1-0

[Event "9th SC 1400/1800"]
[Site "SchemingMind.com"]
[Date "2006.04.29"]
[Round "-"]
[White "Easy_E"]
[Black "willygor"]
[Result "1-0"]
[WhiteCountry "USA"]
[BlackCountry "ARG"]
[WhiteElo "1469"]
[WhiteRD "71"]
[BlackElo "1739"]
[BlackRD "66"]
[GameID "48580"]

1. e4 c5 2. Nf3 Nc6 3. d4 cxd4 4. Nxd4 d6 5. Bb5 Bd7 6. Nc3 e6 7. O-O Be7 8. b3 a6 9. Bc4 b5 10. Be2 Bf6
11. Be3 Qc7 12. Bh5 g6 13. Bg4 Nxd4 14. Bxd4 e5 15. Bxd7+ Kxd7 16. Qg4+ Ke8 17. Nd5 Qd8 18. Bb6 Qc8 19. Nxf6+ Nxf6 20. Qg5 Nxe4
21. Qh4 Nc5 22. Qf6 Rg8 23. Qxd6 Nd7 24. Rfe1 f6 25. Qe6+ Kf8 26. Be3 Kg7 27. Rad1 Rd8 28. Qe7+ Kh8 29. Bh6 Rg8 30. Rxd7 Qc6
31. Qxh7#
1-0

[Event "9th SC 1400/1800"]
[Site "SchemingMind.com"]
[Date "2006.04.29"]
[Round "-"]
[White "Archr"]
[Black "willygor"]
[Result "1-0"]
[WhiteCountry "USA"]
[BlackCountry "ARG"]
[WhiteElo "1607"]
[WhiteRD "84"]
[BlackElo "1695"]
[BlackRD "69"]
[GameID "48610"]

1. e4 e5 2. Nf3 Nc6 3. Bb5 d6 4. d4 exd4 5. Nxd4 Bd7 6. Nc3 a6 7. Bxc6 bxc6 8. O-O Nf6 9. Re1 c5 10. Nf3 Bc6
11. e5 dxe5 12. Qxd8+ Rxd8 13. Nxe5 Bd7 14. Nc6+ Be6 15. Nxd8 Kxd8 16. Bg5 Be7 17. Rad1+ Kc8 18. Ne4 Nd5 19. Bxe7 Nxe7 20. Nxc5 Rd8
21. Rxd8+ Kxd8 22. Nxe6+
1-0

[Event "9th SC 1400/1800"]
[Site "SchemingMind.com"]
[Date "2006.04.29"]
[Round "-"]
[White "Archr"]
[Black "Orhany24"]
[Result "0-1"]
[WhiteCountry "USA"]
[BlackCountry "TUR"]
[WhiteElo "1592"]
[WhiteRD "74"]
[BlackElo "1747"]
[BlackRD "72"]
[GameID "48611"]

1. e4 c5 2. Nc3 Nc6 3. Nf3 d6 4. d4 cxd4 5. Nxd4 a6 6. Bc4 e6 7. O-O h6 8. Re1 Nf6 9. Nxc6 bxc6 10. e5 Nd5
11. Bxd5 cxd5 12. exd6 Bxd6 13. Qxd5 Rb8 14. Qc6+ Qd7 15. Qxd7+ Bxd7 16. Ne4 Be7 17. b3 O-O 18. Bb2 Rbc8 19. c4 Bc6 20. Rad1 Rfd8
21. Ng3 a5 22. a3 Rxd1 23. Rxd1 Rb8 24. Rd3 Ba4 25. bxa4 Rxb2 26. Rc3 Bc5 27. h3 Bxf2+ 28. Kh2 Bd4 29. Rc1 Rb3 30. c5 Be5
31. c6 Bxg3+ 32. Kg1 Bc7 33. Rd1 Rc3
0-1

[Event "9th SC 1400/1800"]
[Site "SchemingMind.com"]
[Date "2006.04.29"]
[Round "-"]
[White "Archr"]
[Black "sokolov"]
[Result "1/2-1/2"]
[WhiteCountry "USA"]
[BlackCountry "USA"]
[WhiteElo "1592"]
[WhiteRD "74"]
[BlackElo "1725"]
[BlackRD "75"]
[GameID "48612"]

1. e4 Nf6 2. e5 Nd5 3. Nc3 Nxc3 4. bxc3 d6 5. f4 Nc6 6. Bb5 Bd7 7. Nf3 Qc8 8. Rb1 a6 9. Bd3 Bg4 10. exd6 cxd6
11. O-O e6 12. Ba3 Be7 13. Qe1 O-O 14. Nd4 Qc7 15. h3 Nxd4 16. cxd4 Bf5 17. Bxf5 exf5 18. c3 Rfe8 19. Qg3 b5 20. Rbc1 Qa5
21. Bb2 Qxa2 22. Rb1 d5 23. Qd3 g6 24. Qc2 Bh4 25. d3 Qa5 26. Qb3 Qd8 27. Ra1 Qd7 28. c4 dxc4 29. dxc4 Bf6 30. cxb5 Bxd4+
31. Bxd4 Qxd4+ 32. Kh1 Qb6 33. Rfe1 Rxe1+ 34. Rxe1 Qxb5 35. Qa2 a5 36. Re7 Qf1+ 37. Kh2 Qxf4+ 38. g3 Qh6 39. Qxf7+=
1/2-1/2

[Event "9th SC 1400/1800"]
[Site "SchemingMind.com"]
[Date "2006.04.29"]
[Round "-"]
[White "Archr"]
[Black "Easy_E"]
[Result "1-0"]
[WhiteCountry "USA"]
[BlackCountry "USA"]
[WhiteElo "1607"]
[WhiteRD "84"]
[BlackElo "1400"]
[BlackRD "65"]
[GameID "48613"]

1. e4 e5 2. Nf3 Nc6 3. Bb5 a6 4. Ba4 Nf6 5. O-O Bc5 6. Nxe5 Nxe5 7. d4 b5 8. Bb3 Bb4 9. dxe5 Nxe4 10. Qd5 O-O
11. Qxe4 c6 12. Qxb4 a5 13. Qf4 d5 14. exd6 a4 15. Nd2 axb3 16. Nxb3 Ra4 17. Qg3 Qf6 18. c3 Rg4 19. Qd3 Re8 20. d7 Bxd7
21. Qxd7 Ree4 22. Qc8+
1-0

[Event "9th SC 1400/1800"]
[Site "SchemingMind.com"]
[Date "2006.04.29"]
[Round "-"]
[White "willygor"]
[Black "Archr"]
[Result "1/2-1/2"]
[WhiteCountry "ARG"]
[BlackCountry "USA"]
[WhiteElo "1683"]
[WhiteRD "66"]
[BlackElo "1592"]
[BlackRD "74"]
[GameID "48614"]

1. e4 e5 2. Nf3 Nc6 3. Bc4 Bc5 4. a3 Nf6 5. d3 h6 6. Nc3 d6 7. b4 Bb6 8. Nd5 Nxd5 9. exd5 Nd4 10. c3 Nxf3+
11. Qxf3 O-O 12. O-O Qh4 13. g3 Bg4 14. gxh4 Bxf3 15. Be3 c6 16. Bxb6 axb6 17. dxc6 bxc6 18. Rfe1 d5 19. Bb3 Rfe8 20. Re3 e4
21. dxe4 dxe4 22. a4 Rad8 23. a5 bxa5 24. bxa5 Ra8 25. a6 Reb8 26. Bc4 Ra7 27. Ree1 Kf8 28. Reb1 Rba8 29. Rb6 Ke7 30. Rab1 Kd6
31. Rb7 Rxb7 32. Rxb7 Kc5 33. Bf1 f5 34. h3 Rg8 35. a7 Ra8 36. Kh2 g6 37. Rg7 Kd5 38. Ba6 Ke5 39. Rxg6 Rxa7 40. Rxc6 e3
41. Rc5+ Kf4 42. fxe3+ Kxe3 43. Bc4 Rg7= 44. Bd5 Rg2+ 45. Kh1 Rc2+ 46. Bxf3 Kxf3 47. Rxf5+ Kg3 48. Rf1= Rxc3 49. Rg1+ Kxh4 50. Rg6 h5
51. Rg8 Kxh3 52. Rg6 Rg3=
1/2-1/2

[Event "9th SC 1400/1800"]
[Site "SchemingMind.com"]
[Date "2006.04.30"]
[Round "-"]
[White "Orhany24"]
[Black "Archr"]
[Result "1-0"]
[WhiteCountry "TUR"]
[BlackCountry "USA"]
[WhiteElo "1747"]
[WhiteRD "72"]
[BlackElo "1592"]
[BlackRD "74"]
[GameID "48615"]

1. e4 e5 2. Nf3 Nc6 3. Bc4 Nf6 4. O-O Be7 5. Re1 O-O 6. h3 d5 7. exd5 Nxd5 8. Nxe5 Nxe5 9. Rxe5 Nf6 10. d4 Bd6
11. Re1 h6 12. Bf1 b6 13. c4 Bb7 14. a3 Re8 15. Nc3 Qd7 16. Be3 Re7 17. d5 Rae8 18. Qd2 c6 19. Rad1 Be5 20. f4 Bc7
21. g3 cxd5 22. Bf2 Rxe1 23. Bxe1 Re6 24. Bf2 a6 25. cxd5 Rd6 26. Bg2 b5 27. b4 a5 28. Bc5 axb4 29. axb4 Bxd5 30. Bxd6 Bxg2
31. Bxc7 Qxc7 32. Qd8+ Qxd8 33. Rxd8+
1-0

[Event "9th SC 1400/1800"]
[Site "SchemingMind.com"]
[Date "2006.04.29"]
[Round "-"]
[White "sokolov"]
[Black "Archr"]
[Result "1-0"]
[WhiteCountry "USA"]
[BlackCountry "USA"]
[WhiteElo "1719"]
[WhiteRD "72"]
[BlackElo "1607"]
[BlackRD "84"]
[GameID "48616"]

1. d4 d5 2. Nf3 c5 3. dxc5 Nc6 4. Nc3 e5 5. Nxd5 h6 6. e4 Bxc5 7. Bb5 Bd7 8. Bxc6 Bxc6 9. Nxe5 Ne7 10. Nxc6 Nxc6
11. Qg4 Nb4 12. O-O Nxc2 13. Qxg7 Bd4 14. e5 Kd7 15. Qxf7+ Kc6 16. Qe6+ Kc5 17. b4+ Nxb4 18. Nxb4 Bxa1 19. Be3+ Bd4 20. Nd3+ Kb5
21. Rb1+ Ka5 22. Bd2+
1-0

[Event "9th SC 1400/1800"]
[Site "SchemingMind.com"]
[Date "2006.04.29"]
[Round "-"]
[White "Easy_E"]
[Black "Archr"]
[Result "0-1"]
[WhiteCountry "USA"]
[BlackCountry "USA"]
[WhiteElo "1407"]
[WhiteRD "66"]
[BlackElo "1592"]
[BlackRD "74"]
[GameID "48617"]

1. e4 e5 2. Nf3 Nc6 3. Bb5 a6 4. Ba4 Nf6 5. Nc3 Bb4 6. d4 exd4 7. Nxd4 O-O 8. a3 Ba5 9. O-O Re8 10. Bg5 Bxc3
11. bxc3 Rxe4 12. Re1 Rxe1+ 13. Qxe1 h6 14. Bh4 Na5 15. Nb3 Nc4 16. Nd4 b5 17. Bb3 d5 18. Nc6 Qd6 19. Ne7+ Kf8 20. Nf5 Bxf5
21. a4 Ng4 22. Bg3 Qd7 23. axb5 Qxb5 24. Bxc7 Re8 25. Qf1 Qc5 26. Bf4 a5 27. Ba4 Re4 28. g3 Nb2 29. Bb3 a4 30. Bxd5 Qxd5
31. f3 Qc5+ 32. Kh1 Nf2+ 33. Kg1 Nh3+ 34. Kg2 Nxf4+ 35. gxf4 Qxc3 36. fxe4 Bh3+ 37. Kf2 Bxf1 38. Kxf1 Qxc2 39. Re1 Qxh2 40. f5 Qh1+
41. Ke2 Qxe1+ 42. Kxe1 a3 43. e5 a2 44. e6 a1=Q+ 45. Ke2 Qd1+ 46. Ke3 Qd3+ 47. Kf4 Qd6+ 48. Kg4 fxe6
0-1

[Event "9th SC 1400/1800"]
[Site "SchemingMind.com"]
[Date "2006.04.30"]
[Round "-"]
[White "Masticore99"]
[Black "willygor"]
[Result "0-1"]
[WhiteCountry "USA"]
[BlackCountry "ARG"]
[WhiteElo "1554"]
[WhiteRD "75"]
[BlackElo "1739"]
[BlackRD "66"]
[GameID "48722"]

1. e4 c5 2. Nf3 Nc6 3. d4 cxd4 4. Nxd4 d6 5. Nc3 Bd7 6. Be3 e6 7. Bc4 a6 8. Qd2 Qc7 9. O-O Be7 10. Rad1 e5
11. Nb3 Nf6 12. Bg5 Nd4 13. Nxd4 Qxc4 14. Nf3 Bg4 15. Bxf6 gxf6 16. Qd3 Qxd3 17. Rxd3 Rc8 18. h3 Be6 19. Rfd1 f5 20. R1d2 fxe4
21. Nxe4 d5 22. Nxe5 dxe4 23. Rd4 e3 24. fxe3 Bc5 25. R4d3 Ke7 26. Kf2 Rhd8 27. Kf3 Rxd3 28. Nxd3 Bd6 29. Nf4 Bxa2 30. b3 Bxb3
31. cxb3 Bxf4 32. Kxf4 Rc3 33. Rb2 a5 34. g4 b5 35. Ke4 a4 36. Kd4 Rxb3 37. Rxb3 axb3 38. Kc3 Kf6 39. Kxb3 Kg5 40. Kb4 Kh4
41. Kxb5 Kxh3 42. Kc5 Kxg4 43. e4 h5 44. e5 h4 45. Kd6 Kg5
0-1

[Event "9th SC 1400/1800"]
[Site "SchemingMind.com"]
[Date "2006.04.30"]
[Round "-"]
[White "Masticore99"]
[Black "Orhany24"]
[Result "0-1"]
[WhiteCountry "USA"]
[BlackCountry "TUR"]
[WhiteElo "1554"]
[WhiteRD "75"]
[BlackElo "1624"]
[BlackRD "91"]
[GameID "48723"]

1. e4 e5 2. Nf3 Nc6 3. Bb5 d6 4. d4 exd4 5. Nxd4 Bd7 6. O-O h6 7. Nxc6 bxc6 8. Bc4 Nf6 9. Nc3 Be7 10. Be3 O-O
11. Qd2 Kh7 12. Rad1 Ng4 13. Bf4 f5 14. h3 Nf6 15. exf5 Bxf5 16. Bd3 Bxd3 17. Qxd3+ Kh8 18. Rfe1 Rb8 19. Qe3 Re8 20. Qxa7 Rxb2
21. Re2 Qb8 22. Qa4 Rb4 23. Qxc6 Rxf4 24. Rde1 Qd8 25. Nb5 Rf5 26. Nxc7 Rc5 27. Ne6 Rxc6 28. Nxd8 Rxd8 29. Rxe7 Rxc2 30. Ra7 Rd7
31. Ra6 Rd2 32. a4 d5 33. Ra1 Kh7 34. Rb6 d4 35. a5 Nd5 36. Rb5 Nc3 37. Rb4 d3 38. a6 Ra2 39. Rxa2 Nxa2 40. Rb2 Nb4
41. Rxb4 d2 42. a7 d1=Q+ 43. Kh2 Rxa7
0-1

[Event "9th SC 1400/1800"]
[Site "SchemingMind.com"]
[Date "2006.04.30"]
[Round "-"]
[White "Masticore99"]
[Black "Archr"]
[Result "1-0"]
[WhiteCountry "USA"]
[BlackCountry "USA"]
[WhiteElo "1578"]
[WhiteRD "73"]
[BlackElo "1592"]
[BlackRD "74"]
[GameID "48724"]

1. d4 d5 2. c4 c6 3. Nf3 Nf6 4. e3 Bf5 5. Nc3 e6 6. Be2 Be7 7. O-O Nbd7 8. c5 O-O 9. b4 b6 10. Na4 Ne4
11. Bd2 Ndf6 12. b5 Nxd2 13. Qxd2 cxb5 14. Bxb5 a6 15. Be2 Ne4 16. Qc1 bxc5 17. Nxc5 Bxc5 18. dxc5 Rc8 19. c6 Qb6 20. Ne5 Rfd8
21. a4 f6 22. a5 Qc7 23. Bxa6 fxe5 24. Bxc8 Rxc8 25. a6 Ra8 26. a7 Rxa7 27. Rxa7 Qxa7 28. c7 Nd6 29. c8=Q+ Nxc8 30. Qxc8+ Kf7
31. Rc1 Kf6 32. h3 d4 33. Qd8+ Kg6 34. exd4 exd4 35. Rc7 Qa1+ 36. Kh2 d3 37. Qe8+ Kg5 38. Qe7+ Kf4 39. Qxg7 Qxg7 40. Rxg7 Ke4
41. Rd7 e5 42. Rd8 h5 43. Kg1 Kf4 44. Kf1 Ke4 45. Ke1
1-0

[Event "9th SC 1400/1800"]
[Site "SchemingMind.com"]
[Date "2006.04.30"]
[Round "-"]
[White "Masticore99"]
[Black "sokolov"]
[Result "0-1"]
[WhiteCountry "USA"]
[BlackCountry "USA"]
[WhiteElo "1568"]
[WhiteRD "75"]
[BlackElo "1719"]
[BlackRD "72"]
[GameID "48725"]

1. d4 g6 2. e4 Bg7 3. Nf3 Nf6 4. e5 Nd5 5. c4 Nb6 6. Bd3 Nc6 7. Bf4 d6 8. O-O dxe5 9. dxe5 O-O 10. Nc3 Bg4
11. Be2 Bxf3 12. Bxf3 Nxc4 13. Bxc6 bxc6 14. Qb3 Nxe5 15. Rad1 Qb8 16. Qc2 Nc4 17. Rd7 Qxb2 18. Qxb2 Nxb2 19. Ne2 e5 20. Bc1 Nc4
21. Rxc7 Rfc8 22. Rxc8+ Rxc8 23. Rd1 Rb8 24. Rd7 a6 25. Rc7 Rd8 26. f3 Rd6 27. Kf2 f5 28. Ra7 c5 29. Be3 Nxe3 30. Kxe3 Bh6+
31. Kf2 c4 32. g3 Bd2 33. Rc7 c3 34. Nxc3 Bxc3 35. Rxc3 Rd2+ 36. Ke3 Rxa2 37. Rd3 Kg7 38. Rd5 Kf6 39. h3 Ra3+ 40. Kf2 Ke6
41. Rc5 Rd3 42. Ke2 Rd5 43. Rc7 Rd7 44. Rc6+ Rd6 45. Rc7= h6 46. g4 f4 47. Rh7 a5 48. Rxh6 Kd7 49. Rh7+ Kc6 50. Ra7 Kb5
51. Re7 Rd5 52. Re6 g5 53. Rg6 a4 54. Rxg5 a3 55. h4 a2
0-1

[Event "9th SC 1400/1800"]
[Site "SchemingMind.com"]
[Date "2006.04.30"]
[Round "-"]
[White "Masticore99"]
[Black "Easy_E"]
[Result "1-0"]
[WhiteCountry "USA"]
[BlackCountry "USA"]
[WhiteElo "1554"]
[WhiteRD "75"]
[BlackElo "1469"]
[BlackRD "71"]
[GameID "48726"]

1. e4 e5 2. Nf3 Nc6 3. Bb5 a6 4. Bxc6 bxc6 5. Nc3 d6 6. O-O Bb7 7. d4 f6 8. Be3 a5 9. Qd3 Ba6 10. Qd2 Bxf1
11. Rxf1 d5 12. exd5 Bb4 13. dxc6 e4 14. Nh4 g5 15. Nf5 Ne7 16. Ng7+ Kf7 17. Nh5 Nf5 18. a3 Bd6 19. Nxe4 Bf4 20. Bxf4 gxf4
21. Qxf4 Kg6 22. Qg4+ Kh6 23. Qxf5 Rg8 24. Nhxf6 Rf8 25. Qxh7#
1-0

[Event "9th SC 1400/1800"]
[Site "SchemingMind.com"]
[Date "2006.04.30"]
[Round "-"]
[White "willygor"]
[Black "Masticore99"]
[Result "1-0"]
[WhiteCountry "ARG"]
[BlackCountry "USA"]
[WhiteElo "1739"]
[WhiteRD "66"]
[BlackElo "1554"]
[BlackRD "75"]
[GameID "48727"]

1. e4 c5 2. f4 d6 3. Bb5+ Nc6 4. Bxc6+ bxc6 5. Nf3 d5 6. e5 Bf5 7. d3 e6 8. Nc3 Ne7 9. h3 h6 10. O-O Qb6
11. Kh2 Bh7 12. b3 g6 13. Qe2 Bg7 14. Na4 Qb5 15. Ba3 g5 16. fxg5 hxg5 17. Nxg5 Bg6 18. Bxc5 Rh4 19. Qf2 Nf5 20. g4 Bxe5+
21. Kg2 Bxa1 22. gxf5 Bxf5 23. Qxh4 Bf6 24. Qe1 Bxg5 25. Rxf5 Be7 26. Bxe7 Kxe7 27. Qh4+ Kd6 28. Rxf7 Rg8+ 29. Kf1 Re8 30. Qf4+ e5
31. Qf6+ Re6 32. Qd8#
1-0

[Event "9th SC 1400/1800"]
[Site "SchemingMind.com"]
[Date "2006.05.01"]
[Round "-"]
[White "Orhany24"]
[Black "Masticore99"]
[Result "1-0"]
[WhiteCountry "TUR"]
[BlackCountry "USA"]
[WhiteElo "1624"]
[WhiteRD "91"]
[BlackElo "1554"]
[BlackRD "75"]
[GameID "48728"]

1. e4 c5 2. Nf3 d6 3. d4 cxd4 4. Nxd4 Nf6 5. Bd3 g6 6. c4 Nc6 7. Nxc6 bxc6 8. Nc3 Bg7 9. O-O O-O 10. h3 c5
11. Be3 Be6 12. Rc1 Nd7 13. f4 Rb8 14. b3 Qa5 15. Na4 Rb7 16. f5 Ne5 17. fxe6 fxe6 18. Rxf8+ Bxf8 19. Be2 Qd8 20. Qd2 Rc7
21. Rf1 d5 22. exd5 exd5 23. Qxd5+ Qxd5 24. cxd5 Bg7 25. Nxc5 Nd7 26. Nxd7 Rxd7 27. Bc4 Bf6 28. Bh6 Kf7 29. d6+ e6 30. Bg5 Rxd6
31. Rxf6+ Kg7 32. Rxe6 Rxe6 33. Bxe6 h6 34. Be3 Kf6 35. Bc4
1-0